Lịch sử thế giới cận đại
Sách trình bày các nội dung chủ yếu về cấu tạo sách theo chương trình mới, nội dung cơ bản được trình bày, đặc điểm, yêu cầu biên soạn, hướng dẫn sử dụng.
Gespeichert in:
| 1. Verfasser: | |
|---|---|
| Format: | Buch |
| Sprache: | Undetermined |
| Veröffentlicht: |
Hà Nội
Đại học Sư phạm
2008
|
| Schlagworte: | |
| Tags: |
Tag hinzufügen
Keine Tags, Fügen Sie den ersten Tag hinzu!
|
| Thư viện lưu trữ: | Trung tâm Học liệu Trường Đại học Cần Thơ |
|---|
| LEADER | 00872nam a2200217Ia 4500 | ||
|---|---|---|---|
| 001 | CTU_150442 | ||
| 008 | 210402s9999 xx 000 0 und d | ||
| 020 | |c 65000 | ||
| 082 | |a 940.24 | ||
| 082 | |b L305/T.1 | ||
| 100 | |a Phan, Ngọc Liên | ||
| 245 | 0 | |a Lịch sử thế giới cận đại | |
| 245 | 0 | |c Chủ biên: Phan Ngọc Liên | |
| 260 | |a Hà Nội | ||
| 260 | |b Đại học Sư phạm | ||
| 260 | |c 2008 | ||
| 520 | |a Sách trình bày các nội dung chủ yếu về cấu tạo sách theo chương trình mới, nội dung cơ bản được trình bày, đặc điểm, yêu cầu biên soạn, hướng dẫn sử dụng. | ||
| 650 | |a History,Lịch sử | ||
| 650 | |x Mordern,Cận đại | ||
| 904 | |i Dương, Hằng | ||
| 980 | |a Trung tâm Học liệu Trường Đại học Cần Thơ | ||